00309nam a2200121Ia 4500008004100000041000800041082001500049100001600064245001900080260005300099300002400152365001100176240624s9999 xx 000 0 und d aeng a658.88 COY aCOYLE BRIAN aCURRENCY SWAPS c2000aUnited KingdombFinancial World Publishing a122 : p. : cm. ; 23 cRSb25